000 00721nam a2200241Ia 4500
003 OSt
005 20220923223416.0
006 a|||||r|||| 00| 0
007 ta
008 220922b |||||||| |||| 00| 0 hin d
024 _a214,935
037 _cTextual
040 _aARTS
_cARTS
_bhin
041 _2hin
_ahin
082 _aO152,3N11,28, M4
100 _aअज्ञेय
245 0 _aअपने अपने अजनबी
246 _aApane apane ajanabī
260 _aदिल्ली
_b भारतीय ज्ञानपीठ प्रका0
_c1984
300 _a104 पृ.
_ccm.
942 _hO152,3N11,28, M4
_cTEXL
_2CC
999 _c364849
_d364849